IFM Opac

Choice of techniques (Record no. 16626)

MARC details
000 -LEADER
fixed length control field 00333nam a22001457a 4500
020 ## - INTERNATIONAL STANDARD BOOK NUMBER
International Standard Book Number 631108300
082 ## - DEWEY DECIMAL CLASSIFICATION NUMBER
Classification number 338.91 SEN
100 ## - MAIN ENTRY--PERSONAL NAME
Personal name Sen, A. K.
245 ## - TITLE STATEMENT
Title Choice of techniques
250 ## - EDITION STATEMENT
Edition statement 3rd
260 ## - PUBLICATION, DISTRIBUTION, ETC.
Place of publication, distribution, etc. Britain
Name of publisher, distributor, etc. Oxford Basil Black Well
Date of publication, distribution, etc. 1972
300 ## - PHYSICAL DESCRIPTION
Extent xxix, 113p.
Other physical details 21cm.
500 ## - GENERAL NOTE
General note Includes Index
942 ## - ADDED ENTRY ELEMENTS (KOHA)
Koha item type Books
Holdings
Withdrawn status Lost status Source of classification or shelving scheme Damaged status Not for loan Home library Current library Shelving location Date acquired Full call number Barcode Date last seen Price effective from Koha item type
    Dewey Decimal Classification     IFM Main Campus Library IFM Main Campus Library   10/03/2016 338.91 SEN 0000008142 10/03/2016 02/19/2022 Books